Ονομάστε μια Χώρα για Κάθε Μήκος Ονόματος - Statistics

General Stats
  • This quiz has been taken 15 times
  • The average score is 8 of 10
Answer Stats
Γράμματα Απάντηση #
Χωρών
% Correct
4 Αϊτή, Ιράκ, Ιράν, Κίνα, Λάος, Μάλι, Ομάν, Χιλή 8
100%
5 Γκάνα, Δανία, Ινδία, Κατάρ, Κένυα, Κούβα... 16
100%
6 Βέλγιο, Γαλλία, Ελλάδα, Ζάμπια... 21
100%
8 Αίγυπτος, Αιθιοπία, Βατικανό, Βραζιλία... 37
100%
7 Αλβανία, Αλγερία, Ανγκόλα, Ανδόρρα... 39
92%
9 Αργεντινή, Αυστραλία, Βανουάτου... 15
92%
10 Αφγανιστάν, Βενεζουέλα, Γουατεμάλα... 14
69%
11 Λίχτενσταϊν, Μαδαγασκάρη... 5
69%
12 Αζερμπαϊτζάν, Λουξεμβούργο... 4
69%
13 Τουρκμενιστάν 1
31%
No matching quizzes found
Score Distribution
Percent of People with Each Score
Percentile by Number Answered
Your Score History
You have not taken this quiz